Kaikki Suomen kaupungit kartalla - Statistics

Yleistilastot
  • Tätä visaa on pelattu 8 188 kertaa
  • Keskiarvotulos 55 / 108
Vastaukset kartalla
Vastauksille on annettu kartalla punavihreä väri sen mukaan, kuinka moni on saanut sen oikein.
 
Vastaustilastot
Vastaus % Oikein
Helsinki
98%
Oulu
97%
Rovaniemi
96%
Tampere
96%
Turku
96%
Espoo
95%
Vantaa
95%
Jyväskylä
93%
Vaasa
92%
Kuopio
90%
Pori
90%
Joensuu
88%
Lahti
87%
Lappeenranta
84%
Hämeenlinna
83%
Kotka
82%
Kemi
80%
Kouvola
80%
Seinäjoki
80%
Hanko
79%
Porvoo
79%
Tornio
79%
Maarianhamina
78%
Kokkola
77%
Mikkeli
76%
Rauma
74%
Kajaani
73%
Kuusamo
72%
Imatra
71%
Salo
68%
Hamina
65%
Naantali
65%
Savonlinna
64%
Nokia
60%
Hyvinkää
59%
Järvenpää
59%
Kerava
59%
Iisalmi
57%
Lohja
56%
Uusikaupunki
56%
Raahe
55%
Forssa
54%
Kalajoki
54%
Riihimäki
54%
Kauniainen
53%
Jämsä
50%
Raisio
50%
Varkaus
48%
Heinola
47%
Pietarsaari
47%
Loviisa
46%
Kaarina
45%
Lapua
45%
Orivesi
45%
Ylivieska
45%
Akaa
44%
Kemijärvi
44%
Orimattila
44%
Loimaa
40%
Äänekoski
39%
Alavus
39%
Kristiinankaupunki
39%
Lieksa
39%
Ylöjärvi
39%
Kangasala
38%
Keuruu
38%
Kuhmo
38%
Karkkila
37%
Kauhava
37%
Pieksämäki
37%
Raasepori
37%
Sastamala
37%
Ähtäri
36%
Valkeakoski
36%
Haapavesi
34%
Kitee
34%
Pudasjärvi
34%
Nurmes
33%
Haapajärvi
32%
Kauhajoki
32%
Alajärvi
31%
Ikaalinen
30%
Oulainen
30%
Parkano
30%
Kankaanpää
29%
Närpiö
29%
Outokumpu
29%
Parainen
29%
Huittinen
28%
Kurikka
28%
Uusikaarlepyy
28%
Lieto
27%
Nivala
27%
Virrat
27%
Suonenjoki
26%
Viitasaari
26%
Paimio
25%
Ulvila
25%
Kannus
24%
Laitila
24%
Harjavalta
22%
Kiuruvesi
22%
Pyhäjärvi
22%
Saarijärvi
22%
Somero
22%
Kokemäki
20%
Mänttä-Vilppula
20%
Kaskinen
19%
Ehtoja vastaavia visoja ei löytynyt
Tulosjakauma
Jokaisen tuloksen saaneiden osuus
Persentiili vastausten määrän mukaan
Tuloshistoriasi
Et ole pelannut tätä visaa